000 00688nam a2200289Ia 4500
005 20260324120841.0
008 008 260324s9999 xx 000 0 eng d
020 _a9781315815466
037 _aEBOOK
040 _aCRL
040 _beng
040 _cCRL
041 _2eng
041 _aeng
084 _qCRL
100 _aBarry McCarthy; Emily McCarthy
_91160220
245 0 _aTherapy with Men after Sixty
245 2 _bA Challenging Life Phase
260 _bTaylor and Francis
260 _c2014
365 _a
365 _b220
856 _uhttp://www.taylorfrancis.com/books/9781315815466
942 _cEBOOK
999 _c1751956
_d1751956